Ο Λακάν και το πολιτικό
Αποθηκεύτηκε σε:
| Κύριος συγγραφέας: | |
|---|---|
| Άλλοι συγγραφείς: | |
| Μορφή: | Βιβλίο |
| Γλώσσα: | Greek English |
| Δημοσίευση: |
Αθήνα :
Ψυχογιός,
2008.
|
| Σειρά: | Ψυχαναλυτικός λόγος ;
5 |
| Θέματα: | |
| Ετικέτες: |
Προσθήκη ετικέτας
Δεν υπάρχουν, Καταχωρήστε ετικέτα πρώτοι!
|
MARC
| LEADER | 00000cam a2200000 i 4500 | ||
|---|---|---|---|
| 001 | 1/2555 | ||
| 008 | 091217s2008 gr | ||| |||| ||gre|| | ||
| 020 | |a 9789604531967 (pbk.) | ||
| 035 | |l 10106060 | ||
| 040 | |a GR-MyUA |b gre |e AACR2 | ||
| 041 | 1 | |a gre |h eng | |
| 082 | 0 | |a 320.092 |2 (22) | |
| 100 | 1 | |a Σταυρακάκης, Γιάννης. | |
| 245 | 1 | 2 | |a Ο Λακάν και το πολιτικό / |c Γιάννης Σταυρακάκης ; μετάφραση Αλέξανδρος Κιουπκιολής. |
| 260 | |a Αθήνα : |b Ψυχογιός, |c 2008. | ||
| 300 | |a 294 σ. ; |c 21 εκ. | ||
| 490 | 1 | |a (Ψυχαναλυτικός λόγος |v ; 5) | |
| 500 | |a Μετάφραση από τα αγγλικά | ||
| 500 | |a Τίτλος πρωτοτύπου: Lacan and the political. | ||
| 504 | |a Βιβλιογραφία: σ. [274]-289. | ||
| 504 | |a Ευρετήριο: σ. [290]-294. | ||
| 600 | 1 | 0 | |a Lacan, Jacques, |d 1901-1981. |
| 650 | 0 | 0 | |a Psychoanalysis |x Political aspects. |
| 650 | 0 | 0 | |a Psychoanalysis |x Social aspects. |
| 700 | 1 | |a Κιουπκιολής, Αλέξανδρος, |e trl | |
| 830 | 0 | |a Ψυχαναλυτικός λόγος ; |v 5 | |
| 852 | |a INST |b LESVOS |e 20091217 |h 320.092 ΣΤΑ |p 005100045900 |q 005100045900 |t BK |y 0 | ||
| 901 | |a BIBL1-2009-4 | ||
| 909 | |a Λ |b 160018 | ||
| 970 | |a ΚΑΡΑ |b ΓΙΑΣΕΜΗ |z 2009/12/17 | ||